000 00438nam a2200169Ia 4500
008 230711s9999||||xx |||||||||||||| ||und||
020 _a978-81-315-1681-2
041 _aENG
082 _a658
_bMI-E
100 _aMichaels,Robert J
245 0 _aEconomics for managers transactions and strategies
250 _a1st Ed.
260 _c2011
_aDelhi
_bCengage Learning
300 _a558
650 _aUNIVESITY BUSNIESS SCHOOL
942 _cBK
999 _c5611
_d5611